Αθησαύριστα κείμενα από την εφημερίδα "Ραμπαγάς" : 1882-1885
Saved in:
| Main Author: | |
|---|---|
| Other Authors: | |
| Format: | Book |
| Language: | Greek |
| Published: |
Αθήνα :
Μορφωτικό Ίδρυμα Εθνικής Τραπέζης,
2005
|
| Subjects: | |
| Tags: |
Add Tag
No Tags, Be the first to tag this record!
|
MARC
| LEADER | 00000cam a2200000 i 4500 | ||
|---|---|---|---|
| 001 | 1/78488 | ||
| 008 | 080321s2005 gre d | ||
| 020 | |a 960-250-292-4 | ||
| 035 | |l 10095741 | ||
| 040 | |a GR-MY-UA |b gre |e aacr | ||
| 041 | 0 | |a gre | |
| 082 | 0 | |a 889.41 |2 (22) | |
| 100 | 1 | |a Ροΐδης, Εμμανουήλ Δ., |d 1836-1904. | |
| 245 | 1 | 0 | |a Αθησαύριστα κείμενα από την εφημερίδα "Ραμπαγάς" : |b 1882-1885 / |c Εμμανουήλ Ροΐδης ; φιλολογική επιμέλεια Παν. Μουλλάς |
| 260 | |a Αθήνα : |b Μορφωτικό Ίδρυμα Εθνικής Τραπέζης, |c 2005 | ||
| 300 | |a 373 σ.; |c 25 εκ. | ||
| 500 | |a Το αντίτυπο με αριθμό εισαγωγής 128505 είναι δεμένο με: Ο μοναδικός και η ιδιοκτησία του / Max Stirner | ||
| 504 | |a Περιέχει βιβλιογραφικές παραπομπές και ευρετήριο | ||
| 650 | 0 | 0 | |a Greek literature. |
| 650 | 0 | 0 | |a Greek essays, Modern. |
| 700 | 1 | |a Μουλλάς, Παναγιώτης, |d 1935-2010. |4 edt | |
| 852 | |a INST |b RHODES |c KRI |e 20080321 |h 889.41 ΡΟΪ |p 005400029714 |q 005400029714 |t BK |y 0 | ||
| 901 | |a BIBL4-2008-1 | ||
| 909 | |a Ρ |b 128505 | ||
| 970 | |a ΚΟΖΑ |b ΜΑΡΙΑ |z 2008/03/21 | ||